Statistiques concernant Pays du monde avec une carte vierge - cinq minute sprint

Cliquez ici pour prendre le quiz!

Statistiques générales

  • Ce quiz a été pris 1 005 fois
  • Le résultat moyen est 123 sur 196

Réponses sur la Carte

Les réponses sont colorées sur une échelle allant du rouge au vert en fonction du pourcentage des utilisateurs qui les ont devinées à leur premier essai. Vous pouvez retrouver ces pourcentages ci-dessous.
 

Statistiques - réponses

pays% Correct
France
97%
Russie
95%
Chine
93%
Espagne
93%
Allemagne
91%
Canada
91%
Brésil
90%
Etats-Unis
90%
Italie
89%
Argentine
88%
Inde
88%
Mexique
88%
Portugal
88%
Algérie
87%
Suède
87%
Japon
86%
Maroc
85%
Norvège
85%
Royaume-Uni
84%
Australie
83%
Chili
83%
Finlande
83%
Pologne
83%
Suisse
83%
Turquie
83%
Égypte
82%
Irlande
82%
Mongolie
82%
Pérou
82%
Ukraine
82%
Colombie
81%
Islande
81%
Autriche
80%
Bolivie
80%
Danemark
80%
Grèce
80%
Iran
79%
Irak
78%
Libye
78%
Paraguay
78%
Uruguay
78%
Belgique
77%
Biélorussie
77%
Hongrie
77%
Venezuela
77%
Indonésie
76%
Mali
76%
Panama
76%
Équateur
75%
Estonie
74%
Pays-Bas
74%
Tunisie
74%
Kazakhstan
73%
Lituanie
73%
Soudan
73%
Afrique du Sud
72%
Arabie Saoudite
72%
Congo
72%
Guatemala
72%
Lettonie
72%
Roumanie
72%
Slovaquie
72%
Croatie
71%
Honduras
71%
Slovénie
71%
Niger
70%
Rép dém Congo
70%
Albanie
69%
Costa Rica
69%
Guyana
69%
Nicaragua
69%
Serbie
69%
Andorre
68%
Corée du Sud
68%
Cuba
68%
Thaïlande
68%
Bosnie-Herzégovine
67%
Corée du Nord
67%
Laos
67%
Mauritanie
67%
Pakistan
67%
Bulgarie
66%
Nigeria
66%
Tchad
66%
Tchèquie
66%
Luxembourg
65%
Nouvelle-Zélande
65%
Suriname
65%
Yémen
65%
Afghanistan
64%
Israël
64%
Liban
64%
Malte
64%
Monaco
64%
Oman
64%
Viêt Nam
64%
Népal
63%
Sénégal
63%
Soudan du Sud
63%
Syrie
63%
Cambodge
62%
Macédoine du Nord
62%
Chypre
61%
Kosovo
61%
Malaisie
61%
Moldavie
61%
Salvador
61%
Vatican
61%
Angola
60%
Jordanie
60%
Monténégro
60%
Saint-Marin
60%
Belize
59%
Éthiopie
59%
Namibie
59%
Somalie
59%
Birmanie
58%
Géorgie
58%
Guinée
58%
Qatar
58%
Cameroun
57%
Haïti
57%
Togo
57%
Bhoutan
56%
Émirats arabes unis
56%
Kenya
56%
Ouzbékistan
56%
Philippines
56%
Tanzanie
56%
Ghana
55%
Arménie
54%
Gabon
54%
Jamaïque
54%
Liechtenstein
54%
Bahamas
53%
Bangladesh
53%
Madagascar
53%
Mozambique
52%
Sri Lanka
52%
Turkménistan
52%
Azerbaïdjan
51%
Bénin
51%
Koweït
51%
Tadjikistan
51%
Zambie
51%
Botswana
50%
République
Centrafricaine
50%
Taïwan
50%
Bahreïn
49%
Érythrée
49%
Kirghizistan
49%
Ouganda
49%
Gambie
48%
Lesotho
48%
Brunei
47%
Rwanda
47%
Singapour
47%
Zimbabwe
47%
Côte d'Ivoire
46%
Malawi
46%
Maldives
46%
République dominicaine
46%
Sainte-Lucie
46%
Barbade
45%
Burkina Faso
45%
Burundi
45%
Fidji
45%
Guinée-Bissau
44%
Saint-Vincent-et-les-
Grenadines
44%
Dominique
43%
Kiribati
43%
Seychelles
43%
Eswatini
42%
Liberia
42%
Papouasie-
Nouvelle-Guinée
42%
Saint-Christophe-
et-Niévès
42%
Tonga
42%
Comores
41%
Djibouti
41%
Grenade
41%
Samoa
41%
Île Maurice
40%
Antigua-et-Barbuda
39%
Nauru
39%
Palaos
39%
Trinité-et-Tobago
39%
Micronésie
38%
Sierra Leone
38%
Tuvalu
38%
Sao Tomé-et-Principe
37%
Timor-Leste
37%
Vanuatu
37%
Salomon
36%
Guinée équatoriale
35%
Îles Marshall
35%
Cabo Verde
15%

Distribution des résultats

Percentile par nombre de réponses

% des personnes avec chaque résultat

Votre développement - résultats

Vous n’avez pas pris ce quiz